000 00913nam a2200229Ia 4500
001 L240-12755
003 IT-CnALBA
008 170116s9999||||xx |||||||||||||| ||und||
040 _aIT-CnALBA
_cIT-CnALBA
041 _aITALIANO
100 _aD'ASPERMONT M. FLUGI
245 0 _aINTROIBO AD ALTERE DEI. ELEVAZIONI.
250 _a1a ed.
260 _aROMA
_bAVE, ANONIMA VERITA'S EDITRICE
_cn.d.
300 _a194 p.
500 _aCONTRIZIONE. CANTO ANGELICO. LETTURE DELLA BIBBIA. CREDO OFFERTORIO. CONSACRAZIONE. DEFUNTI. ORAZIONE DOMENICALE. COMUNIONE.
501 _aSocietà San Paolo EM - Piazza San Paolo, 14 - 12051 ALBA (CN) (non commercial uses only) ® Copyright 2017
520 _aCONTRIZIONE. CANTO ANGELICO. LETTURE DELLA BIBBIA. CREDO OFFERTORIO. CONSACRAZIONE. DEFUNTI. ORAZIONE DOMENICALE. COMUNIONE.
650 _aTEOLOGIA SPIRITUALE CRISTIANA
942 _cBK
957 _71
999 _a17508
_bNO
_g Copie: 1
_c271931
_d271931